Statistiques concernant Pays d'Afrique et capitales - Map Quiz

Cliquez ici pour prendre le quiz!

Statistiques générales

  • Ce quiz a été pris 437 fois
    (345 depuis la dernière actualisation)
  • Le résultat moyen est 34 sur 54

Réponses sur la Carte

Les réponses sont colorées sur une échelle allant du rouge au vert en fonction du pourcentage des utilisateurs qui les ont devinées à leur premier essai. Vous pouvez retrouver ces pourcentages ci-dessous.
 

Statistiques - réponses

Réponse% Correct
Alger
94%
Le Cap/ Pretoria/ Bloemfontein
89%
Le Caire
79%
Antananarivo
76%
Rabat
76%
Djibouti
75%
Tripoli
74%
Tunis
73%
Luanda
71%
Ouagadougou
71%
Yaoundé
71%
Addis Abeba
70%
Bamako
69%
Dakar
69%
Nairobi
69%
Yamoussoukro
69%
Kinshasa
67%
Praia
67%
Windhoek
67%
Bissau
66%
Mogadiscio
65%
Nouakchott
65%
Sao Tome
65%
Accra
64%
Khartoum
64%
Brazzaville
63%
Asmara
61%
Gaborone
61%
Conakry
60%
Libreville
60%
Victoria
60%
Abuja
59%
Freetown
59%
Lomé
59%
N'Djamena
59%
Kigali
58%
Lilongwe
58%
Moroni
58%
Niamey
58%
Port Louis
58%
Porto Novo
58%
Maputo
56%
Bangui
55%
Dodoma
55%
Djouba
54%
Harare
54%
Banjul
52%
Kampala
52%
Malabo
51%
Maseru
50%
Gitega
49%
Lusaka
49%
Mbabane/ Lobamba
48%
Monrovia
48%

Distribution des résultats

Percentile par nombre de réponses

% des personnes avec chaque résultat

Votre développement - résultats

Vous n’avez pas pris ce quiz depuis la dernière actualisation